The Russo Brothers Filmography - Statistics

General Stats
  • This quiz has been taken 18 times
    6 since last reset
  • The average score is 8 of 32
Answer Stats
Year Movie % Correct
2019 Avengers: Endgame
100%
2018 Avengers: Infinity War
100%
2016 Captain America: Civil War
100%
2022 The Gray Man
100%
2026 Avengers: Doomsday
67%
2027 Avengers: Secret Wars
67%
2014 Captain America: The Winter Soldier
67%
2025 The Electric State
67%
2021 Cherry
33%
2022 Everything Everywhere All at Once
33%
2006 You, Me and Dupree
33%
2019 21 Bridges
0%
2023 All Fun and Games
0%
2014 A Merry Friggin' Christmas
0%
2015 Ant-Man
0%
2019 Captain Marvel
0%
2008 Courtroom K
0%
2007 Crashing
0%
2020 Extraction
0%
2023 Extraction 2
0%
TBD Hercules
0%
2019 Mosul
0%
2015 Not Safe for Work
0%
1997 Pieces
0%
2020 Relic
0%
TBD The Bluff
0%
2011 The Council of Dads
0%
2025 The Fantastic Four: First Steps
0%
2025 The Legend of Ochi
0%
TBD The Whisper Man
0%
2025 Thunderbolts*
0%
2002 Welcome to Collinwood
0%
No matching quizzes found
Score Distribution
Percent of People with Each Score
Percentile by Number Answered
Your Score History
You have not taken this quiz since the last reset